Normal view
MARC view
- Victims of family violence
Entry Topical Term
001 - CONTROL NUMBER
- control field: 93778
003 - CONTROL NUMBER IDENTIFIER
- control field: NUST
005 - DATE AND TIME OF LATEST TRANSACTION
- control field: 20220719113154.0
008 - FIXED-LENGTH DATA ELEMENTS
- fixed length control field: 220719|| aca||aabn | a|a d
040 ## - CATALOGING SOURCE
- Original cataloging agency: NUST
- Transcribing agency: NUST
150 ## - HEADING--TOPICAL TERM
- Topical term or geographic name entry element: Victims of family violence
- Geographic subdivision: Idaho
- Form subdivision: Biography
670 ## - SOURCE DATA FOUND
- Source citation: Work cat.: (NUST)0: Westover, Tara, author. 93772, Educated :
